| 000 | 01006 a2200241 4500 | ||
|---|---|---|---|
| 005 | 20090424160828.0 | ||
| 008 | 090424t xxu||||| |||| 00| 0 eng d | ||
| 010 | _aB-358522 | ||
| 020 |
_a9788123750521 _c30.00 |
||
| 035 | _aB-358522 | ||
| 037 | _bBharat Pustak Bhandar | ||
| 040 |
_adpl _bEnglish |
||
| 082 | _a921 | ||
| 100 | _aChakravartty, Gargi | ||
| 245 |
_aP. C. Joshi: _cby Gargi Chakravartty _ba biography / |
||
| 260 |
_aNew Delhi _bNational Book Trust _c2007 |
||
| 270 |
_aA-5, Green Park, _bNew Delhi _e110 0016 |
||
| 300 |
_axi, 119 p.: _bphotos _c21 cm. (pbk) |
||
| 490 | _aNational Biography Series | ||
| 942 |
_adpl _cEN _k921 / CHA _2ddc _h921 _mJOS |
||
| 999 |
_c30499 _d30499 |
||